| 000 | 00881nam a2200229Ia 4500 | ||
|---|---|---|---|
| 001 | L264-21100 | ||
| 003 | IT-CnALBA | ||
| 008 | 170116s9999||||xx |||||||||||||| ||und|| | ||
| 040 |
_aIT-CnALBA _cIT-CnALBA |
||
| 041 | _aITALIANO | ||
| 100 | _aGIRELLI ELISABETTA | ||
| 245 | 0 | _aINDIRIZZO E PASCOLO ALLA PIETÀ DELLE GIOVANI. | |
| 250 | _a24a ed. | ||
| 260 |
_a BRESCIA _bQUERINIANA EDIT. LIBR. VESC. _c1896 [1° Ed.: n.d.] |
||
| 300 | _a464 p. | ||
| 500 | _aISTRUZIONI RIFLESSIONI. AVVISI. MEDITAZIONI PER OGNI GIORNO DEL MESE. ESERCIZI DI PIETÀ. CANTI. | ||
| 501 | _aSocietà San Paolo EM - Piazza San Paolo, 14 - 12051 ALBA (CN) (non commercial uses only) ® Copyright 2017 | ||
| 520 | _aISTRUZIONI RIFLESSIONI. AVVISI. MEDITAZIONI PER OGNI GIORNO DEL MESE. ESERCIZI DI PIETÀ. CANTI. | ||
| 650 | _aCULTO PUBBLICO LITURGIA | ||
| 942 | _cBK | ||
| 957 | _71 | ||
| 999 |
_a25835 _bSI _g Copie: 1 _c280207 _d280207 |
||